| 000 | 00831 a2200217 4500 | ||
|---|---|---|---|
| 020 | _a0534533973 | ||
| 040 |
_aDLC _bDLC |
||
| 082 |
_a174.962 _bHAR |
||
| 100 | 1 |
_aHarris, C. E. _995607 |
|
| 245 | 1 | 0 |
_aEngineering ethics: concepts and cases / _cCharles E. Harris, Jr., Michael S. Pritchard, Michael J. Rabins |
| 250 | _a2nd ed. | ||
| 260 |
_aIndia : _bThomson Business Information India, _cc2000. |
||
| 300 |
_axx, 377 p. : _bill. ; _c24 cm. |
||
| 538 | _aSystem requirements for accompanying computer disc: Windows 95 or higher and an Internet browser. | ||
| 650 | 0 |
_aEngineering ethics. _937134 |
|
| 650 | 0 |
_aEngineering ethics _937134 |
|
| 700 | 1 |
_aPritchard, Michael S. _995609 |
|
| 700 | 1 |
_aRabins, Michael J. _d1932- _995610 |
|
| 856 | _uhttp://10.250.8.41:8080/xmlui/handle/123456789/46458 | ||
| 942 |
_cBK _k174.962 HAR _2ddc |
||
| 999 |
_c9932 _d9932 |
||